[Event "Maia op"]
[Site "Maia"]
[Date "2024.08.25"]
[Round "3"]
[White "Valente, Benjamim Viegas"]
[Black "Bastiao, Tomas"]
[Result "0-1"]
[WhiteElo "1537"]
[BlackElo "1893"]
[PlyCount "62"]
[EventDate "2024.08.23"]
[EventType "swiss"]
[EventRounds "9"]
[EventCountry "POR"]
[SourceTitle "CBM 221 Extra"]
[Source "ChessBase"]
[SourceDate "2024.09.30"]
[SourceVersion "1"]
[SourceVersionDate "2024.09.30"]
[SourceQuality "1"]

1. d4 Nf6 2. c4 e6 3. Nf3 b6 4. g3 Bb7 5. Bg2 Be7 6. 0-0 0-0 7. a3 c5 8. Nc3 cxd4 9. Nxd4 Bxg2 10. Kxg2 Qc7 11. Qd3 Nc6 12. Ncb5 Qb7 13. Nxc6 Qxc6+ 14. f3 Rfd8 15. Nd4 Qb7 16. e4 a6 17. Be3 d6 18. Rac1 Nd7 19. Qe2 Ne5 20. Rfd1 Rac8 21. Rc2 h6 22. h4 b5 23. cxb5 Rxc2 24. Qxc2 axb5 25. b3 d5 26. Bf4 Ng6 27. Nc6 Nxf4+ 28. gxf4 Rd6 29. Na5 Qa6 30. e5 Rd7 31. Kg3 Qxa5 0-1